LEADER 01125nam a2200277 u 4500 001 000000055512 003 CaOOAMICUS 005 20070226115807.0 008 010202s1980 it u000 u ita u 035 $a10866965 040 $aPUL(R)$bita 041 1 $aita$heng 100 1 $aWhithehead, Alfred North,$d1861-1947.$0(OLS)http://pul/name/39027 245 10$aScienza e filosofia /$cAlfred North Whitehead. 260 $aMilano :$bIl Saggiatore,$c1980. 300 $a314 p. ;$c21 cm 490 1 $aBiblioteca di filosofia e metodo scientifico ;$v46 650 0$aScience$xPhilosophy.$2//eng$0(OLS)http://pul/subject/7506 700 1 $aBona, Ida.$0(OLS)http://pul/name/39028 830 0$aBiblioteca di filosofia e metodo scientifico ;$v46.$0(OLS)http://pul/title/74309 850 $aPUL 852 $aPUL$W1$xCollocazioni Temporanee$y24$mGP2 A V.11$j72965$nBK-PRI$b $qStampati$B72965$CPULBib$Z2$F72965 $H $81 941 1 $a8 961 $aINV: 0219 996 $6245$aScienza e filosofia$9(OLS)http://pul/title/74308 996 $6260$aMilano :$bIl Saggiatore$9(OLS)http://pul/publisher/49408 LEADER 00920nam a2200241 u 4500 001 000000058817 003 CaOOAMICUS 005 20070226120732.0 008 010614s1972 it u000 u ita u 035 $a10892575 040 $aPUL(R)$bita 100 1 $aLonergan, Bernard Joseph Francis,$cS.I.,$d1904-1984.$0(OLS)http://pul/name/479 245 10$aMethod in theology /$cBernard J.F. Lonergan. 260 $aLondon :$bDarton,$c1972. 300 $a405 p. ;$c22 cm 500 $aInclude indici. 504 $aNote bibliografiche. 650 4$aTeologia$xMetodologia.$0(OLS)http://pul/subject/15735 850 $aPUL 852 $aPUL$W1$xDP1 Altre Collocazioni$y17$mSenza collocazione$j12$nBK-PRI$b $qStampati$B76791$CPULBib$Z2$F76791 $H $81 941 1 $a8 996 $6245$aMethod in theology$9(OLS)http://pul/title/78808 996 $6260$aLondon :$bDarton$9(OLS)http://pul/publisher/69685